000 00345nam a2200157Ia 4500
003 Ost
005 20260225132541.0
008 260225s9999||||xx |||||||||||||| ||und||
040 _cfsic
041 _afre
082 _a331.2
100 _aAlain Gélédan
_eAuteur
245 0 _aLes syndicats /
245 0 _cAlain Gélédan
942 _cكتاب
999 _c33545
_d33545